Receptors and sensory perceptions . (Record no. 541986)
[ view plain ]
| 000 -LEADER | |
|---|---|
| fixed length control field | 00399nam a22001337a 4500 |
| 082 ## - DEWEY DECIMAL CLASSIFICATION NUMBER | |
| Classification number | 152.1 |
| Author Mark | GRA |
| -- | L-31,p-13. |
| 100 ## - MAIN ENTRY--PERSONAL NAME | |
| Personal name | Granit , Ragnar. |
| 9 (RLIN) | 37063 |
| 245 ## - TITLE STATEMENT | |
| Title | Receptors and sensory perceptions . |
| Statement of responsibility, etc. | Ragnar granit. |
| 260 ## - PUBLICATION, DISTRIBUTION, ETC. | |
| Place of publication, distribution, etc. | London. |
| Name of publisher, distributor, etc. | Yale university Press . |
| Date of publication, distribution, etc. | nd. |
| 300 ## - PHYSICAL DESCRIPTION | |
| Extent | Vii ;366 p. |
| Other physical details | :Ill. |
| Dimensions | 24 cm. |
| 526 ## - STUDY PROGRAM INFORMATION NOTE | |
| Program name | 0 |
| Interest level | 0 |
| Reading level | 0 |
| Title point value | 152_100000000000000_GRA |
| 650 ## - SUBJECT ADDED ENTRY--TOPICAL TERM | |
| Topical term or geographic name entry element | MCE |
| 9 (RLIN) | 379 |
| 942 ## - ADDED ENTRY ELEMENTS (KOHA) | |
| Source of classification or shelving scheme | |
| Koha item type | Book |
| Withdrawn status | Lost status | Source of classification or shelving scheme | Damaged status | Not for loan | Permanent Location | Current Location | Date acquired | Total Checkouts | Full call number | Barcode | Date last seen | Price effective from | Koha item type |
|---|---|---|---|---|---|---|---|---|---|---|---|---|---|
| Military College of Engineering (MCE) | Military College of Engineering (MCE) | 09/16/2013 | 152.1 GRA | MCE-3564 | 09/16/2013 | 09/16/2013 | Book |
